000 00685nam a2200217 a 4500
001 000022089
005 20200930011558.0
008 100916s1970 ve r 000 | spa d
040 _aDO-SdBNP
_bspa
_cBNPHU
082 _a833.6
_bG599c
100 1 _aWolfgang, J. Goethe
_945770
245 1 4 _aLas Cuitas del joven Werther /
_cJ. Goethe Wolfgang.
260 _aCaracas :
_bInstituto Nacional de Cultura y Bellas Artes,
_c1970.
300 _a152 p. ;
_c18 cm.
490 1 _aGrandes Autores;
_v10
500 _aIncluye lista de obras de la colección
650 4 _aNovela alemana
_93302
650 4 _aLiteratura alemana
_93274
830 0 _aGrandes Autores;
_v10
_911295
049 _aBNGR
999 _c21587
_d21587